00000000nam##2200000za#4500
0019.576379
003CaOODSP
00520210624185118
007cr |||||||||||
008150406|1983||||xxc|||||o    f|0| 0 eng|d
040 |aCaOODSP|beng
043 |an-cn---
0861 |aFs97-13/328E-PDF
1101 |aCanada. |bDepartment of Fisheries and Oceans.
24514|aThe 1980 Roe Herring Charter Vessel Monitoring and Sampling Program / |h[electronic resource]|cby J.L. Mitchell and L.A. Webb.
260 |aNanaimo - British Columbia : |bFisheries and Oceans Canada |c1983.
300 |a70p.|bfigs., references, tables
4901 |aCanadian data report of fisheries and aquatic sciences|vNo. 328
500 |aOn t.p.: Field Services Branch, Nanaimo, British Columbia. Catalogue number of the print edition appears in the PDF version.
546 |a(Résumé en français)
590 |a13-12-Supp|b2013-05-10
7201 |aMitchell, J. L.
7201 |aWebb, L. A.
830#0|aCanadian data report of fisheries and aquatic sciences ;|vNo. 328|w(CaOODSP)9.505124
85640|ahttp://publications.gc.ca|qPDF|s706 KB|uhttps://publications.gc.ca/collections/collection_2013/mpo-dfo/Fs97-13-328-eng.pdf|yNo. 328